Racionalizace a automatizace montážních prací v průmyslu

Gespeichert in:
Bibliographische Detailangaben
1. Verfasser: Ptáček, Vladimír
Format: Buch
Sprache:Tschechisch
Veröffentlicht: Praha Ústředí vědeckých, technických a ekonomických informací 1983
Tags: Tag hinzufügen
Keine Tags, Fügen Sie das erste Tag hinzu!

MARC

LEADER 00000nam a2200000 4500
001 c134319
005 20190625072426.2
041 0 |a cze 
044 |a CZ 
245 1 0 |a Racionalizace a automatizace montážních prací v průmyslu  |c Vladimír Ptáček 
264 1 |a Praha  |b Ústředí vědeckých, technických a ekonomických informací  |c 1983 
300 |a 55 s. 
100 1 |a Ptáček, Vladimír